| 000 | 10958cam a22011534i 4500 | ||
|---|---|---|---|
| 003 | PE-LiUPU | ||
| 005 | 20250731165607.0 | ||
| 008 | 150706s2010 mx a r 000 0 spa d | ||
| 020 | _a9786071502919 | ||
| 035 | _a(Sirsi) i9786071502919 | ||
| 040 |
_aPE-LiUPU _bspa _cPE-LiUPU _erda |
||
| 049 | _aPRUA | ||
| 082 | 0 | 4 |
_a001.42 _bH412010 _221 |
| 100 | 1 |
_aHernández Sampieri, Roberto, _eautor. |
|
| 245 | 1 | 0 |
_aMetodología de la investigación / _cRoberto Hernández Sampieri, Carlos Fernández Collado y María del Pilar Baptista Luio. |
| 250 | _a5a edición. | ||
| 264 | 1 |
_aMéxico, D.F. : _b McGraw-Hill, _c2010. |
|
| 300 | _a15 CD-ROM | ||
| 300 |
_a613 páginas : _bilustraciones, tablas, esquemas ; _c27 centímetros |
||
| 336 |
_atext _2rdacontent |
||
| 337 |
_aunmediated _2rdamedia |
||
| 338 |
_avolume _2rdacarrier |
||
| 505 | 0 | _aLos enfoques cuantitativo y cualitativo en la investigación científica -- Definiciones en los enfoques cuantitativo y y cualitativo, sus similitudes y diferencias -- Nacimiento de un proyecto de investigación cuantitativa, cualitativa o mixta: la idea -- Planeamiento del problema cuantitativo -- Desarrollo de la perspectiva teórica: revisión de la literatura y construcción del marco teórico -- Definición del alcance de la investigación a realizar : exploratoria, descriptiva, correlacional o explicativa -- Formulación de hipótesis -- Concepción o elección del diseño de investigación -- Selección de la muestra -- Recolección de los datos cuantitativos -- Análisis de los datos cuantitativos -- El reporte de resultados del proceso cuantitativo -- El proceso de la investigación cualitativa -- El inicio del proceso cualitativo: planteamiento del problema revisión de la literatura, surgimiento de las hipótesis e inmersión en el campo -- Muestreo en la investigación cualitativa -- Recolección y análisis de los datos cualitativos -- Diseño del proceso de investigación cualitativa -- El reporte de resultados del proceso cualitativo -- Los mètodos mixtos. | |
| 526 | _aSEG44 | ||
| 526 | _aSEG26 | ||
| 526 | _aP151 | ||
| 526 | _aP150 | ||
| 526 | _aP149 | ||
| 526 | _aP146 | ||
| 526 | _aP145 | ||
| 526 | _aP126 | ||
| 526 | _aP125 | ||
| 526 | _aP92 | ||
| 526 | _aP75 | ||
| 526 | _aP74 | ||
| 526 | _aP27 | ||
| 526 | _aP15 | ||
| 541 | _g001-000125; | ||
| 541 | _g001-000024; | ||
| 541 | _g001-000026; | ||
| 541 | _g030-0010717; | ||
| 541 | _g015-0012181; | ||
| 541 | _g015-0016195; | ||
| 541 | _g001-0035138; | ||
| 541 | _g001-0035138; | ||
| 541 | _g001-0035138; | ||
| 541 | _g001-0035138; | ||
| 541 | _g001-0035138; | ||
| 541 | _g015-0012007; | ||
| 541 | _g015-0012007; | ||
| 541 | _g015-0012007; | ||
| 541 | _g015-0012007; | ||
| 541 | _g015-0012007; | ||
| 541 | _g015-0012007; | ||
| 541 | _g015-0012110; | ||
| 650 | 0 | 4 |
_aInvestigación _vMetodología. |
| 700 | 1 | _aBaptista Lucio, María del Pilar . | |
| 700 | 1 |
_aFernández Collado, Carlos, _ecoaut |
|
| 910 |
_bjv _cng _d20101006 |
||
| 942 |
_2ddc _cBOOK |
||
| 949 |
_a001.42 H41 2010 _wDEWEY _c1 _i62154 _d2016-6-27 _e2016-6-24 _f2017-2-16 _g1 _lCCODEBUL1 _mBUL _n5 _p49.00 _r0 _sY _tBOOK _u2015-7-6 _xEDUCACION _PP20 _o.STAFF. Colección General |
||
| 949 |
_a001.42 H41 2010 _wDEWEY _c10 _i66582 _d2016-11-8 _e2016-11-8 _f2017-2-16 _g1 _lCCODEBUL1 _mBUL _n4 _p39.00 _r0 _sY _tBOOK _u2015-7-6 _xEDUCACION _PP20 _0COMPRA _o.STAFF. Colección General |
||
| 949 |
_a001.42 H41 2010 _wDEWEY _c11 _i66583 _d2016-11-24 _e2016-11-13 _f2017-2-16 _g1 _lCCODEBUL1 _mBUL _n8 _p39.00 _r0 _sY _tBOOK _u2015-7-6 _xEDUCACION _PP20 _o.STAFF. Colección General |
||
| 949 |
_a001.42 H41 2010 _wDEWEY _c12 _i66584 _d2016-11-21 _e2016-11-21 _f2017-2-16 _g1 _lCCODEBUL1 _mBUL _n9 _p39.00 _r0 _sY _tBOOK _u2015-7-6 _xEDUCACION _PP20 _o.STAFF. Colección General |
||
| 949 |
_a001.42 H41 2010 _wDEWEY _c13 _i66585 _d2016-9-13 _e2016-9-7 _f2017-2-16 _g1 _lCCODEBUL1 _mBUL _n3 _p39.00 _r0 _sY _tBOOK _u2015-7-6 _xEDUCACION _PP20 _0COMPRA _o.STAFF. Colección General |
||
| 949 |
_a001.42 H41 2010 _wDEWEY _c14 _i66586 _d2017-8-20 _e2017-8-20 _f2017-2-16 _g1 _kCHECKEDOUT _lCCODEBUL1 _mBUL _n5 _p39.00 _rM _sY _tBOOK _u2015-7-6 _xEDUCACION _PP20 _o.STAFF. Colección General |
||
| 949 |
_a001.42 H41 2010 _wDEWEY _c15 _i68072 _d2017-7-4 _e2017-6-26 _f2017-2-9 _g3 _lCCODEBUL1 _mBUL _n9 _p19.00 _r0 _sY _tBOOK _u2015-7-6 _xFCE _PP04 _0COMPRA _o.STAFF. Colección General |
||
| 949 |
_a001.42 H41 2010 _wDEWEY _c16 _i68073 _d2016-11-2 _e2016-10-30 _f2017-2-9 _g3 _lCCODEBUL1 _mBUL _n10 _p46.00 _r0 _sY _tBOOK _u2015-7-6 _xFCE _PP04 _0COMPRA _o.STAFF. Colección General |
||
| 949 |
_a001.42 H41 2010 _wDEWEY _c17 _i69223 _d2017-7-7 _e2017-6-25 _f2017-2-12 _g3 _lCCODEBUL1 _mBUL _n19 _p47.00 _q1 _r0 _sY _tBOOK _u2015-7-6 _xINGENIERIA _PP24 _0COMPRA _o.STAFF. Colección General |
||
| 949 |
_a001.42 H41 2010 _wDEWEY _c18 _i69303 _d2017-7-11 _e2017-6-28 _f2017-2-16 _g1 _lCCODEBUL1 _mBUL _n11 _p38.00 _r0 _sY _tBOOK _u2015-7-6 _xSALUD _PP22 _0COMPRA _o.STAFF. Colección General |
||
| 949 |
_a001.42 H41 2010 _wDEWEY _c2 _i62155 _d2016-8-26 _e2016-8-26 _f2017-2-16 _g1 _lCCODEBUL1 _mBUL _n7 _p49.00 _r0 _sY _tBOOK _u2015-7-6 _xEDUCACION _PP20 _o.STAFF. Colección General |
||
| 949 |
_a001.42 H41 2010 _wDEWEY _c3 _i62156 _d2016-8-1 _e2016-7-27 _f2017-2-16 _g1 _lCCODEBUL1 _mBUL _n5 _p49.00 _r0 _sY _tBOOK _u2015-7-6 _xEDUCACION _PP20 _o.STAFF. Colección General |
||
| 949 |
_a001.42 H41 2010 _wDEWEY _c4 _i62157 _f2017-2-16 _g1 _lCCODEBUL1 _mBUL _p49.00 _r0 _sY _tBOOK _u2015-7-6 _xEDUCACION _PP20 _o.STAFF. Colección General |
||
| 949 |
_a001.42 H41 2010 _wDEWEY _c5 _i62265 _d2016-3-31 _e2016-3-31 _f2017-2-16 _g1 _lCCODEBUL1 _mBUL _n3 _p41.00 _r0 _sY _tBOOK _u2015-7-6 _xSALUD _PP22 _0COMPRA _o.STAFF. Colección General |
||
| 949 |
_a001.42 H41 2010 _wDEWEY _c6 _i62356 _d2016-10-27 _e2016-10-27 _f2017-2-16 _g1 _lCCODEBUL1 _mBUL _n6 _p45.00 _r0 _sY _tBOOK _u2015-7-6 _xSALUD _PP22 _0COMPRA _o.STAFF. Colección General |
||
| 949 |
_a001.42 H41 2010 _wDEWEY _c7 _i62152 _d2016-4-14 _e2016-4-14 _f2017-2-16 _g1 _lCCODEBUL1 _mBUL _n1 _p49.00 _r0 _sY _tBOOK _u2015-7-6 _xEDUCACION _PP20 _o.STAFF. Colección General |
||
| 949 |
_a001.42 H41 2010 _wDEWEY _c8 _i62153 _d2016-10-31 _e2016-10-30 _f2017-2-16 _g1 _lCCODEBUL1 _mBUL _n3 _p49.00 _r0 _sY _tBOOK _u2015-7-6 _xEDUCACION _PP20 _o.STAFF. Colección General |
||
| 949 |
_a001.42 H41 2010 _wDEWEY _c9 _i64223 _d2016-11-22 _e2016-11-14 _f2017-2-9 _g2 _lCCODEBUL1 _mBUL _n8 _p35.00 _r0 _sY _tBOOK _u2015-7-6 _xFCE _PP04 _0COMPRA _o.STAFF. Colección General |
||
| 994 |
_aC0 _bPEPRU |
||
| 596 | _a1 | ||
| 999 |
_a001.42 H41 2010 _wDEWEY _c51241 _i62154 _d51241 _e2019-9-3 _f2021-11-4 _g5 _lCCODEBUL1 _mBUL _n7 _p49.00 _q4 _r0 _sY _tBOOK _u2015-7-6 _xBIBLIOTECA _PP20 _0COMPRA _o.STAFF. Colección General |
||
| 999 |
_a001.42 H41 2010 _wDEWEY _c2 _i62155 _d2019-3-12 _e2019-3-12 _f2021-11-4 _g5 _lCCODEBUL1 _mBUL _n14 _p49.00 _q1 _r0 _sY _tBOOK _u2015-7-6 _xBIBLIOTECA _PP20 _0COMPRA _o.STAFF. Colección General |
||
| 999 |
_a001.42 H41 2010 _wDEWEY _c3 _i62156 _d2019-1-22 _e2018-11-15 _f2021-11-4 _g5 _lCCODEBUL1 _mBUL _n7 _p49.00 _q1 _r0 _sY _tBOOK _u2015-7-6 _xBIBLIOTECA _PP20 _0COMPRA _o.STAFF. Colección General |
||
| 999 |
_a001.42 H41 2010 _wDEWEY _c4 _i62157 _d2019-9-4 _e2019-9-1 _f2021-11-4 _g6 _lCCODEBUL1 _mBUL _n4 _p49.00 _q2 _r0 _sY _tBOOK _u2015-7-6 _xBIBLIOTECA _PP20 _0COMPRA _o.STAFF. Colección General |
||
| 999 |
_a001.42 H41 2010 _wDEWEY _c5 _i62265 _d2019-10-9 _e2019-10-9 _f2019-2-20 _g3 _kCHECKEDOUT _lCCODEBUL1 _mBUL _n6 _p41.00 _q2 _rM _sY _tBOOK _u2015-7-6 _xSALUD _PP22 _0COMPRA _o.STAFF. Colección General |
||
| 999 |
_a001.42 H41 2010 _wDEWEY _c6 _i62356 _d2018-8-23 _e2018-8-19 _f2021-11-4 _g5 _lCCODEBUL1 _mBUL _n9 _p45.00 _q5 _r0 _sY _tBOOK _u2015-7-6 _xBIBLIOTECA _PP22 _0COMPRA _o.STAFF. Colección Ciencias de la Salud |
||
| 999 |
_a001.42 H41 2010 _wDEWEY _c7 _i62152 _d2019-11-5 _e2017-9-7 _f2021-11-4 _g5 _lCCODEBUL1 _mBUL _n2 _p49.00 _q4 _r0 _sY _tBOOK _u2015-7-6 _xBIBLIOTECA _PP20 _0COMPRA _o.STAFF. Colección General |
||
| 999 |
_a001.42 H41 2010 _wDEWEY _c8 _i62153 _d2018-8-27 _e2018-8-27 _f2021-11-4 _g5 _lCCODEBUL1 _mBUL _n6 _p49.00 _r0 _sY _tBOOK _u2015-7-6 _xBIBLIOTECA _PP20 _0COMPRA _o.STAFF. Colección General |
||
| 999 |
_a001.42 H41 2010 _wDEWEY _c9 _i64223 _d2019-11-13 _e2016-11-14 _f2021-11-4 _g6 _lCCODEBUL1 _mBUL _n8 _p35.00 _q7 _r0 _sY _tBOOK _u2015-7-6 _xBIBLIOTECA _PP04 _0COMPRA _o.STAFF. Colección General |
||
| 999 |
_a001.42 H41 2010 _wDEWEY _c10 _i66582 _d2018-9-30 _e2018-9-12 _f2021-11-4 _g5 _lCCODEBUL1 _mBUL _n7 _p39.00 _q1 _r0 _sY _tBOOK _u2015-7-6 _xBIBLIOTECA _PP20 _0COMPRA _o.STAFF. Colección General |
||
| 999 |
_a001.42 H41 2010 _wDEWEY _c11 _i66583 _d2018-10-5 _e2018-10-1 _f2021-11-4 _g5 _lCCODEBUL1 _mBUL _n11 _p39.00 _q2 _r0 _sY _tBOOK _u2015-7-6 _xBIBLIOTECA _PP20 _0COMPRA _o.STAFF. Colección General |
||
| 999 |
_a001.42 H41 2010 _wDEWEY _c12 _i66584 _d2019-8-7 _e2019-8-7 _f2021-11-4 _g5 _lCCODEBUL1 _mBUL _n16 _p39.00 _q2 _r0 _sY _tBOOK _u2015-7-6 _xBIBLIOTECA _PP20 _0COMPRA _o.STAFF. Colección General |
||
| 999 |
_a001.42 H41 2010 _wDEWEY _c13 _i66585 _d2018-6-28 _e2017-11-5 _f2019-12-26 _g4 _lCCODEBUL1 _mBUL _n4 _p39.00 _q1 _r0 _sY _tBOOK _u2015-7-6 _xEDUCACION _PP20 _0COMPRA _o.STAFF. Colección General |
||
| 999 |
_a001.42 H41 2010 _wDEWEY _c14 _i66586 _d2019-9-3 _e2019-8-28 _f2021-11-4 _g5 _lCCODEBUL1 _mBUL _n10 _p39.00 _r0 _sY _tBOOK _u2015-7-6 _xBIBLIOTECA _PP20 _0COMPRA _o.STAFF. Colección General |
||
| 999 |
_a001.42 H41 2010 _wDEWEY _c15 _i68072 _d2019-4-21 _e2019-4-17 _f2021-11-4 _g7 _lCCODEBUL1 _mBUL _n10 _p19.00 _q1 _r0 _sY _tBOOK _u2015-7-6 _xBIBLIOTECA _PP04 _0COMPRA _o.STAFF. Colección General |
||
| 999 |
_a001.42 H41 2010 _wDEWEY _c16 _i68073 _d2018-8-6 _e2016-10-30 _f2021-11-4 _g7 _lCCODEBUL1 _mBUL _n10 _p46.00 _q1 _r0 _sY _tBOOK _u2015-7-6 _xBIBLIOTECA _PP04 _0COMPRA _o.STAFF. Colección General |
||
| 999 |
_a001.42 H41 2010 _wDEWEY _c17 _i69223 _d2019-1-17 _e2019-1-10 _f2021-11-4 _g7 _lCCODEBUL1 _mBUL _n26 _p47.00 _q21 _r0 _sY _tBOOK _u2015-7-6 _xBIBLIOTECA _PP24 _0COMPRA _o.STAFF. Colección General |
||
| 999 |
_a001.42 H41 2010 _wDEWEY _c18 _i69303 _d2019-11-13 _e2019-9-15 _f2021-11-4 _g5 _lCCODEBUL1 _mBUL _n23 _p38.00 _q3 _r0 _sY _tBOOK _u2015-7-6 _xBIBLIOTECA _PP22 _0COMPRA _o.STAFF. Colección Ciencias de la Salud |
||
| 980 |
_81 _gALBERTO SANCHEZ Responsable de Automatización |
||